Name all Pokenots - Statistics

General Stats
  • This quiz has been taken 8 times
  • The average score is 28 of 151
Answer Stats
Hint Answer % Correct
6 Chardlard
71%
16 Fidget
57%
24 Arback
43%
9 Blastoff
43%
1 Boolbiesore
43%
5 Charmmelon
43%
132 Ditoe
43%
50 Dug
43%
23 Eggans
43%
38 Eighttails
43%
18 Fidgot
43%
17 Fidgotto
43%
44 Glume
43%
42 Golfbat
43%
2 Iiviisore
43%
56 Monkey
43%
43 Oddball
43%
19 Ratty
43%
52 Sir Meow
43%
45 Vilefume
43%
8 Warsquishy
43%
63 Abruh
29%
10 Caterpee
29%
109 Coughing
29%
110 Coughing x2
29%
28 Dirtslash
29%
148 Dragonnoodle
29%
51 Dug the Third
29%
151 Ew
29%
150 Ewtoo
29%
22 Feeryo
29%
130 Gerald
29%
58 Growlpup
29%
12 Icantbelieveitsnotbutterfrie
29%
64 Kadabruh
29%
14 Kakanuh
29%
131 Laprus
29%
129 Magictarp
29%
46 Paris
29%
47 Parisect
29%
25 Peekachu
29%
61 Poliswirl
29%
67 Porkchoke
29%
20 Rattycake
29%
26 Ricechu
29%
53 Sir Purr
29%
21 Speeryo
29%
7 Squishy
29%
3 Veenuhsore
29%
48 Venomfly
29%
71 Victoryseed
29%
15 Waspdrill
29%
13 Weefle
29%
145 Zapdude
29%
41 Zoobat
29%
65 Alakablam
14%
57 Ape
14%
144 Articumo
14%
69 Bellseed
14%
59 Bigpup
14%
4 Charman
14%
35 Clafairie
14%
36 Clafaybul
14%
87 Dewseal
14%
27 Dirtshrimp
14%
84 Doodoo
14%
85 Doodoodoo
14%
149 Dragonmight
14%
96 Drowsy
14%
133 Eve
14%
92 Gassy
14%
74 Geobro
14%
75 Geobroseph
14%
83 Green Onion
14%
88 Grimmy
14%
97 Hippee
14%
107 Hitmancha
14%
106 Hitmanlee
14%
93 Hunter
14%
124 Jincks
14%
39 Jingleball
14%
135 Joltie
14%
141 Kambucho
14%
81 Magneeto
14%
82 Magneetotron
14%
147 Martini
14%
126 Megamar
14%
11 Meta
14%
146 Molten
14%
89 Mukie
14%
34 Neetoking
14%
31 Neetoqueen
14%
29 | 32 Neetoran
14%
30 Neetorina
14%
33 Neetorino
14%
95 Onyx
14%
62 Polimad
14%
60 Politoad
14%
137 Polygon
14%
68 Porkchamp
14%
78 Rapidrash
14%
111 Rhino
14%
86 Seal
14%
90 Sheldon
14%
54 Sighducky
14%
55 Silverducky
14%
80 Slowdude
14%
79 Slowpoo
14%
121 Starme
14%
128 Taurus
14%
134 Vapor
14%
49 Venomoph
14%
37 Volpics
14%
40 Wingletough
14%
113 Champy
0%
91 Clayster
0%
98 Crabby
0%
104 Cutebone
0%
102 Eggsecute
0%
103 Eggsecutor
0%
125 Electricbuzz
0%
101 Electron
0%
136 Flameo
0%
94 Ganger
0%
119 Goldking
0%
118 Goldqueen
0%
140 Kambucha
0%
115 Kangascam
0%
99 Kingly
0%
108 Lickington
0%
105 Marrowhack
0%
77 Mylittleponya
0%
76 My Precios
0%
72 Octocool
0%
73 Octocruel
0%
127 Pincher
0%
66 Porchop
0%
123 Psyther
0%
142 Pterodactyl
0%
114 Ramen
0%
112 Rhinodon
0%
116 Seahorse
0%
117 Seahorsir
0%
122 Senor Mine
0%
138 Snailboi
0%
139 Snailman
0%
143 Snoremax
0%
120 Staryou
0%
100 Voltie
0%
70 Weepinseed
0%
No matching quizzes found
Score Distribution
Percent of People with Each Score
Percentile by Number Answered
Your Score History
You have not taken this quiz